Stranger Things Characters by Actors - Statistics

General Stats
  • This quiz has been taken 156 times
  • The average score is 24 of 38
Answer Stats
Hint Answer % Correct
Millie Bobby Brown Eleven / El
98%
Finn Wolfhard Mike Wheeler
98%
Noah Schnapp Will Byers
98%
Gaten Matarazzo Dustin Henderson
96%
Caleb McLaughlin Lucas Sinclair
96%
Sadie Sink Max Mayfield
96%
Joe Keery Steve Harrington
96%
Winona Ryder Joyce Byers
95%
Natalia Dyer Nancy Wheeler
95%
David Harbour Jim Hopper
94%
Maya Hawke Robin Buckley
87%
Dacre Montgomery Billy Hargrove
82%
Joseph Quinn Eddie Munson
82%
Priah Ferguson Erica Sinclair
79%
Raphael Luce Vecna (Young kid)
76%
Jamie Campbell Bower Vecna
75%
Cara Buono Karen Wheeler
74%
Matthew Modine Martin Brenner
67%
Brett Gelman Murray Bauman
67%
Sean Astin Bob Newby
64%
Joe Chrest Ted Wheeler
62%
Grace Van Dien Chrissy
61%
Eduardo Franco Argyle
53%
Paul Reiser Dr. Sam Owens
48%
Charlie Heaton Jonathon Byers
48%
Gabriella Pizzolo Suzie
48%
Alec Utgoff Dr. Alexei
46%
Shannon Purser Barbara
45%
Amybeth McNulty Vickie
39%
Catherine Curtin Claudia Henderson
31%
Robert Englund Victor Creel
30%
Randy Havens Mr. Clarke
25%
Tom Wlaschiha Dimitri
23%
Rob Morgan Officer Powell
22%
John Paul Reynolds Officer Callahan
21%
Cary Elwes Mayor Larry Kline
18%
Matty Cardarople Keith
12%
Regina Ting Chen Ms. Kelley (school councilor)
7%
No matching quizzes found
Score Distribution
Percent of People with Each Score
Percentile by Number Answered
Your Score History
You have not taken this quiz